Job design and technology : Taylirism vs. anti-Taylorism

Αποθηκεύτηκε σε:
Λεπτομέρειες βιβλιογραφικής εγγραφής
Κύριος συγγραφέας: Pruijt, Hans D.
Μορφή: Βιβλίο
Γλώσσα:English
Δημοσίευση: London : Routledge, 1997
Σειρά:Routledge advances in management and business studies ; ; 4
Θέματα:
Ετικέτες: Προσθήκη ετικέτας
Δεν υπάρχουν, Καταχωρήστε ετικέτα πρώτοι!

MARC

LEADER 00000nam a2200000 i 4500
001 1/60063
008 980602s1997 eng d
020 |a 0415158699 
035 |l 10028650 
040 |a GR-MY-UA  |b gre  |e aacr 
041 0 |a eng 
082 0 |a 658.314 
100 1 |a Pruijt, Hans D. 
245 1 0 |a Job design and technology :  |b Taylirism vs. anti-Taylorism /  |c Hans D. Pruijt 
260 |a London :   |b Routledge,   |c 1997 
300 |a xiii, 190 p. 
490 1 |a Routledge advances in management and business studies  |v ; 4 
504 |a Includes bibliography and index 
650 0 0 |a Industrial organization  |x Data processing. 
650 0 0 |a Organizational change  |z Europe  |x Case studies. 
650 0 0 |a Employees  |x Effect of technological innovations on  |z Europe  |x Case studies. 
650 0 0 |a Job satisfaction. 
650 0 0 |a Work design. 
830 0 |a Routledge advances in management and business studies ;  |v ; 4 
852 |a INST  |b CHIOS  |e 19980602  |h 658.314 PRU  |p 005200016366  |q 005200016366  |t BK  |y 0 
901 |a BIBL-1998-2 
909 |a Χ  |b 054648 
922 |a 2ΕΛΗ  |b 199805  |c ΤΔΕ  |d ΠΑΠΑΣΩΤΗΡΙΟΥ